000 01014nam a2200277Ia 4500
003 OSt
005 20221005104627.0
006 a|||||r|||| 00| 0
007 ta
008 221004b |||||||| |||| 00| 0 hin d
020 _a9789388211093 (hbk)
_cINR 400.00
024 _a41972
037 _bBR/7268, 16/02/2019, Rajkamal Prakashan Pvt. Ltd.
_cTextual
040 _aCRL
_cCRL
_bhin
041 _2hin
_ahin
082 _aO152,1N76x, Q8
100 _aअमितेष, आनंद, ले.
245 0 _aजल उठे चराग़
246 _aJal uṭhe charāग़
260 _aदिल्ली
_bलोकभारती प्रकाशन भारत
_c2018
300 _a150पृ0
_ccm.
650 _a हिन्दी साहित्य
650 _aहिन्दी कविता
942 _hO152,1N76x, Q8
_cTEXL
_2cc
999 _c1013285
_d1013285